| 000 | 00400nam a2200157Ia 4500 | ||
|---|---|---|---|
| 008 | 151213s9999 xx 000 0 und d | ||
| 100 | _aPaul New Bold | ||
| 245 |
_aStatistics for Business & Economics _cPaul New Bold |
||
| 250 | _a4th | ||
| 260 |
_aNew Jersey _bPrentice Hall _c1995 |
||
| 300 | _a2183 p. | ||
| 650 | _aStatistics | ||
| 650 | _aStatistics | ||
| 700 | _aPaul New Bold | ||
| 999 |
_c1595 _d1595 |
||